[Event "Summers"]
[Site "SchemingMind.com"]
[Date "2023.07.05"]
[Round "-"]
[White "David Hartley"]
[Black "kenneth m day"]
[Result "1/2-1/2"]
[WhiteCountry "ENG"]
[BlackCountry "USA"]
[WhiteElo "1774"]
[WhiteRD "73"]
[BlackElo "1707"]
[BlackRD "59"]
[GameID "735339"]

1. d4 Nf6 2. c4 e6 3. Nc3 Bb4 4. Qc2 O-O 5. a3 Be7 6. e4 d6 7. Nf3 c5 8. d5 exd5 9. exd5 Re8 10. Be2 Bg4
11. O-O Nbd7 12. h3 Bh5 13. Bg5 h6 14. Bh4 Bg6 15. Qd1 a6 16. Bg3 Rb8 17. b3 Bf8 18. Re1 Ne5 19. Qd2 Nxf3+ 20. Bxf3 Qc7
21. Rxe8 Rxe8 22. Re1 Rxe1+ 23. Qxe1 Nd7 24. Be4 Bxe4 25. Qxe4 Nf6 26. Qe2 Qd8 27. Nb1=
1/2-1/2

[Event "Summers"]
[Site "SchemingMind.com"]
[Date "2023.07.05"]
[Round "-"]
[White "kenneth m day"]
[Black "David Hartley"]
[Result "1/2-1/2"]
[WhiteCountry "USA"]
[BlackCountry "ENG"]
[WhiteElo "1671"]
[WhiteRD "60"]
[BlackElo "1748"]
[BlackRD "73"]
[GameID "735340"]

1. e4 c6 2. c4 d5 3. cxd5 cxd5 4. exd5 Nf6 5. d4 Nxd5 6. Bc4 e6 7. Nf3 Nf6 8. O-O Be7 9. Nc3 O-O 10. Qd3 Nbd7
11. Re1 a6 12. Bd2 b5 13. Bb3 Bb7 14. Rac1 Nc5 15. Qe2 Nxb3 16. axb3 b4 17. Nd1 a5 18. Bf4 Qd7 19. Rc7 Bxf3 20. Qxf3 Qd8
21. Ne3 Bd6 22. Bxd6 Qxd6 23. Rc4 Rac8 24. Rec1 Qd7 25. h3 Rxc4 26. Rxc4 Rc8 27. Qf4 h6 28. Qe5 Ra8 29. Rc7 Qd8 30. Qc5 Ne8
31. Rc6 Nf6 32. Rd6 Qc8 33. Rc6 Qd8 34. Rd6 Qc8 35. Rc6 Qd8 36. Rd6=
1/2-1/2

[Event "Summers"]
[Site "SchemingMind.com"]
[Date "2023.07.11"]
[Round "-"]
[White "spoke"]
[Black "David Hartley"]
[Result "1-0"]
[WhiteCountry "GER"]
[BlackCountry "ENG"]
[WhiteElo "1875"]
[WhiteRD "64"]
[BlackElo "1774"]
[BlackRD "73"]
[GameID "735481"]

1. d4 Nf6 2. c4 e6 3. Nf3 d5 4. Nc3 Be7 5. Bg5 O-O 6. e3 h6 7. Bh4 b6 8. Rc1 Bb7 9. Bxf6 Bxf6 10. cxd5 exd5
11. Be2 c6 12. O-O Re8 13. b4 a5 14. b5 c5 15. a4 c4 16. h3 Nd7 17. Nh2 Nf8 18. Ng4 Be7 19. Bf3 Bb4 20. Ne5 Bxc3
21. Rxc3 Rc8 22. Qd2 f6 23. Nxc4 Rb8 24. Nb2 f5 25. Nd3 Qd7 26. Rfc1 Rec8 27. Ne5 Qe6 28. Nc6 Bxc6 29. Rxc6 Rxc6 30. Rxc6 Qd7
31. Qa2 Kh8 32. Qxd5 Qxd5 33. Bxd5 Nd7 34. Be6
1-0

[Event "Summers"]
[Site "SchemingMind.com"]
[Date "2023.07.11"]
[Round "-"]
[White "David Hartley"]
[Black "spoke"]
[Result "1-0"]
[WhiteCountry "ENG"]
[BlackCountry "GER"]
[WhiteElo "1774"]
[WhiteRD "73"]
[BlackElo "1875"]
[BlackRD "64"]
[GameID "735482"]

1. d4 Nf6 2. c4 g6 3. Nc3 Bg7 4. e4 d6 5. f3 O-O 6. Nge2 c5 7. Be3 Nc6 8. d5 Ne5 9. Ng3 e6 10. Be2 exd5
11. exd5 Re8 12. Qd2 Qe7 13. Nd1 a6 14. O-O b5 15. cxb5 c4 16. bxa6 Bxa6 17. Bf2 Nd3 18. Nc3 Rab8 19. b3 Nxf2 20. bxc4 N6e4
21. fxe4 Bxc3 22. Qxc3 Nxe4 23. Nxe4 Qxe4 24. Rfe1 Qe3+ 25. Qxe3 Rxe3 26. Bf1 Rbe8 27. Kf2 Rxe1 28. Rxe1 Rb8 29. Bd3 Rb4 30. Ra1 Bxc4
31. Bxc4 Rxc4 32. a4 Kf8 33. a5 Rc7 34. a6 Ra7 35. Ke3 Ke7 36. Kd4 Kd7 37. Kc4
1-0

[Event "Summers"]
[Site "SchemingMind.com"]
[Date "2023.07.11"]
[Round "-"]
[White "spoke"]
[Black "kenneth m day"]
[Result "1-0"]
[WhiteCountry "GER"]
[BlackCountry "USA"]
[WhiteElo "1875"]
[WhiteRD "64"]
[BlackElo "1707"]
[BlackRD "59"]
[GameID "735483"]

1. d4 d5 2. Nf3 Nf6 3. Bg5 Bg4 4. e3 e6 5. c4 Nbd7 6. Be2 Be7 7. Nc3 O-O 8. h3 Bxf3 9. Bxf3 c6 10. cxd5 exd5
11. O-O Re8 12. Qc2 h6 13. Bh4 g5 14. Bg3 Nb6 15. a3 Bd6 16. Bxd6 Qxd6 17. Rac1 Rac8 18. Qf5 Nbd7 19. e4 Qe6 20. Qxe6 Rxe6
21. e5 Ne4 22. Nxd5 Nd2 23. Bg4 Nxf1 24. Bxe6 Rd8 25. Bxd7 Rxd7 26. Nf6+
1-0

[Event "Summers"]
[Site "SchemingMind.com"]
[Date "2023.07.11"]
[Round "-"]
[White "kenneth m day"]
[Black "spoke"]
[Result "0-1"]
[WhiteCountry "USA"]
[BlackCountry "GER"]
[WhiteElo "1671"]
[WhiteRD "60"]
[BlackElo "1845"]
[BlackRD "64"]
[GameID "735484"]

1. e4 e5 2. Nf3 Nc6 3. c3 d5 4. Qa4 f6 5. d3 Be6 6. Nbd2 Qd7 7. Be2 Bd6 8. O-O Nge7 9. exd5 Nxd5 10. Ne4 Nb6
11. Nxd6+ cxd6 12. Qc2 Rc8 13. Be3 Nd5 14. Qd2 O-O 15. Rad1 Nxe3 16. fxe3 Bxa2 17. Qc2 Nb4 18. Qd2 Nc6 19. Ne1 Bb3 20. Ra1 a5
21. Ra3 a4 22. Bd1 Na5 23. Bxb3+ Nxb3 24. Qf2 b5 25. Nc2 d5 26. Nb4 d4 27. Nc2 dxc3 28. bxc3 Qxd3 29. Nb4 Qxc3 30. Nd5 Qc5
0-1

[Event "Summers"]
[Site "SchemingMind.com"]
[Date "2023.07.16"]
[Round "-"]
[White "spoke"]
[Black "Aba"]
[Result "0-1"]
[WhiteCountry "GER"]
[BlackCountry "ISR"]
[WhiteElo "1875"]
[WhiteRD "64"]
[BlackElo "1827"]
[BlackRD "69"]
[GameID "735656"]

1. d4 Nf6 2. c4 e6 3. Nc3 Bb4 4. Qc2 O-O 5. e4 d6 6. Bd3 Nc6 7. Nf3 e5 8. dxe5 dxe5 9. Bg5 Bg4 10. a3 Nd4
11. Nxd4 Bxc3+ 12. bxc3 exd4 13. O-O Re8 14. f4 h6 15. Bh4 Qc8 16. e5 Nh5 17. cxd4 Qd7 18. d5 c6 19. d6 c5 20. Be7 g6
21. Be4 Ng7 22. Bd5 Bf5 23. Qb2 Rab8 24. Bf6 Ne6 25. Qf2 b5 26. Rac1 b4 27. axb4 Rxb4 28. Bxe6 Bxe6 29. Qxc5 Rb6 30. Qf2 Kh7
31. c5 Rc6 32. Rc3 Bf5 33. Ra1 Be4 34. Rca3 Rb8 35. Qd4 Bxg2 36. Kxg2 Qg4+ 37. Rg3 Qe2+ 38. Kh3 Rb2 39. Qg1 Qh5+ 40. Bh4 Qf5+
41. Rg4 h5 42. Rxa7 Rb3+ 43. Bg3 Qxg4+ 44. Kg2 Rb2+
0-1

[Event "Summers"]
[Site "SchemingMind.com"]
[Date "2023.07.15"]
[Round "-"]
[White "Aba"]
[Black "spoke"]
[Result "0-1"]
[WhiteCountry "ISR"]
[BlackCountry "GER"]
[WhiteElo "1827"]
[WhiteRD "69"]
[BlackElo "1875"]
[BlackRD "64"]
[GameID "735657"]

1. e4 e5 2. Nf3 Nc6 3. Bb5 a6 4. Ba4 Nf6 5. d3 b5 6. Bb3 Bc5 7. c3 d6 8. O-O O-O 9. Bg5 h6 10. Bh4 Bg4
11. Nbd2 g5 12. Bg3 Nh5 13. h3 Nxg3 14. hxg4 Nxf1 15. Nxf1 Ne7 16. d4 exd4 17. cxd4 Bb6 18. Ng3 c5 19. d5 Ng6 20. Nh5 Qe7
21. Bc2 Ne5 22. b3 Nxg4 23. Qd3 Nxf2 24. Kxf2 c4+
0-1

[Event "Summers"]
[Site "SchemingMind.com"]
[Date "2023.07.17"]
[Round "-"]
[White "David Hartley"]
[Black "Aba"]
[Result "0-1"]
[WhiteCountry "ENG"]
[BlackCountry "ISR"]
[WhiteElo "1774"]
[WhiteRD "73"]
[BlackElo "1827"]
[BlackRD "69"]
[GameID "735658"]

1. d4 Nf6 2. c4 e6 3. Nc3 Bb4 4. Qc2 O-O 5. a3 Ba5 6. b4 Bb6 7. c5 Bxc5 8. dxc5 Nc6 9. Nf3 d6 10. cxd6 cxd6
11. e4 Re8 12. Bg5 h6 13. Bh4 g5 14. Bg3 g4 15. Nd2 Qc7 16. Be2 Nd4 17. Qd1 Qxc3 18. O-O Qc6 19. Rc1 Qxc1
0-1

[Event "Summers"]
[Site "SchemingMind.com"]
[Date "2023.07.17"]
[Round "-"]
[White "Aba"]
[Black "David Hartley"]
[Result "1-0"]
[WhiteCountry "ISR"]
[BlackCountry "ENG"]
[WhiteElo "1827"]
[WhiteRD "69"]
[BlackElo "1774"]
[BlackRD "73"]
[GameID "735659"]

1. e4 c6 2. d4 d5 3. Nc3 dxe4 4. Nxe4 Nd7 5. Bd3 Ngf6 6. Ng5 e6 7. N1f3 Bd6 8. O-O h6 9. Ne4 Nxe4 10. Bxe4 Qc7
11. Qe2 O-O 12. c3 b6 13. Bd2 Bb7 14. a4 a5 15. c4 Nf6 16. Bd3 Rfe8 17. Ne5 Nd7 18. f4 c5 19. Bc3 f5 20. Rae1 Nxe5
21. fxe5 Bf8 22. Qh5 Qf7 23. Qh3 Bc6 24. b3 Qb7 25. Re3 Re7 26. Rg3 Kh7 27. d5 Be8 28. dxe6 g6 29. Bxf5 Rg7 30. Bd3 Rc8
31. Rxf8
1-0

[Event "Summers"]
[Site "SchemingMind.com"]
[Date "2023.07.14"]
[Round "-"]
[White "Aba"]
[Black "kenneth m day"]
[Result "0-1"]
[WhiteCountry "ISR"]
[BlackCountry "USA"]
[WhiteElo "1809"]
[WhiteRD "74"]
[BlackElo "1671"]
[BlackRD "60"]
[GameID "735660"]

1. e4 e5 2. Nf3 d5 3. exd5 Bd6 4. d4 e4 5. Ne5 Nf6 6. Nc3 O-O 7. Bg5 Nbd7 8. Nxd7 Bxd7 9. Qd2 Be7 10. Bxf6 Bxf6
11. Nxe4 Re8 12. Bd3 Bxd4 13. O-O-O Bf5 14. f3 Qxd5 15. c4 Qc6 16. b3 Rad8 17. Rhe1 Qb6 18. g4 Bg6 19. Qg2 Be3+ 20. Kc2 Bd4
21. h4 h6 22. f4 Bh7 23. f5 Qa5 24. Kb1 f6 25. Qc2 Kh8 26. Re2 Bg8 27. Rf1 Bf7 28. g5 hxg5 29. hxg5 fxg5 30. Rh2+ Kg8
31. Nxg5 Re1+ 32. Rxe1 Qxe1+ 33. Qc1 Qxc1+ 34. Kxc1 Be3+ 35. Kc2 Bxg5 36. Rg2 Bf6
0-1

[Event "Summers"]
[Site "SchemingMind.com"]
[Date "2023.07.14"]
[Round "-"]
[White "kenneth m day"]
[Black "Aba"]
[Result "1-0"]
[WhiteCountry "USA"]
[BlackCountry "ISR"]
[WhiteElo "1670"]
[WhiteRD "62"]
[BlackElo "1814"]
[BlackRD "72"]
[GameID "735661"]

1. e4 e5 2. Nf3 Nc6 3. c3 Nf6 4. d4 Nxe4 5. d5 Nb8 6. Be3 a6 7. Nxe5 d6 8. Qa4+ c6 9. dxc6 dxe5 10. cxb7+ Bd7
11. Qxe4 Ba4 12. Qxa4+
1-0

[Event "Summers"]
[Site "SchemingMind.com"]
[Date "2023.07.21"]
[Round "-"]
[White "spoke"]
[Black "Nouveau L"]
[Result "1-0"]
[WhiteCountry "GER"]
[BlackCountry "FRA"]
[WhiteElo "1875"]
[WhiteRD "64"]
[BlackElo "1530"]
[BlackRD "76"]
[GameID "735888"]

1. e4 e5 2. Nf3 Nc6 3. Bc4 Nf6 4. Ng5 d5 5. exd5 Na5 6. Bb5+ c6 7. dxc6 bxc6 8. Be2 h6 9. Nh3 Bd6 10. d3 O-O
11. Nc3 Nd5 12. Ne4 Bc7 13. c4 Ne7 14. O-O Bxh3 15. gxh3 f5 16. Nc5 Qd6 17. b4 e4 18. f4
1-0

[Event "Summers"]
[Site "SchemingMind.com"]
[Date "2023.07.21"]
[Round "-"]
[White "Nouveau L"]
[Black "spoke"]
[Result "0-1"]
[WhiteCountry "FRA"]
[BlackCountry "GER"]
[WhiteElo "1530"]
[WhiteRD "76"]
[BlackElo "1875"]
[BlackRD "64"]
[GameID "735889"]

1. d4 Nf6 2. c4 e6 3. Nf3 d5 4. Nc3 Nbd7 5. Bg5 a6 6. e3 Bb4 7. cxd5 exd5 8. Qc2 h6 9. Bh4 O-O 10. Bd3 Qe8
11. O-O Bxc3 12. Qxc3 c6 13. Qc2 Ne4 14. Nd2 Ndf6 15. f3 Nxd2 16. Qxd2 g5 17. Bf2 Qe7 18. Rae1 Re8 19. e4 dxe4 20. fxe4 Bg4
21. h4 Nh7 22. e5 Bh5 23. hxg5 Nxg5
0-1

[Event "Summers"]
[Site "SchemingMind.com"]
[Date "2023.07.21"]
[Round "-"]
[White "Aba"]
[Black "Nouveau L"]
[Result "1-0"]
[WhiteCountry "ISR"]
[BlackCountry "FRA"]
[WhiteElo "1827"]
[WhiteRD "69"]
[BlackElo "1530"]
[BlackRD "76"]
[GameID "735892"]

1. e4 c5 2. Nf3 d6 3. d4 cxd4 4. Nxd4 Nf6 5. Nc3 a6 6. Be3 e5 7. Nb3 Be6 8. h3 Be7 9. f4 exf4 10. Bxf4 Nc6
11. Qf3 Ne5 12. Qg3 Nh5 13. Qf2 Nxf4 14. g3 Nfg6 15. O-O-O O-O 16. h4 Rc8 17. h5
1-0

[Event "Summers"]
[Site "SchemingMind.com"]
[Date "2023.07.21"]
[Round "-"]
[White "Nouveau L"]
[Black "Aba"]
[Result "0-1"]
[WhiteCountry "FRA"]
[BlackCountry "ISR"]
[WhiteElo "1530"]
[WhiteRD "76"]
[BlackElo "1827"]
[BlackRD "69"]
[GameID "735893"]

1. d4 Nf6 2. c4 e6 3. Nf3 d5 4. Nc3 c6 5. e3 Nbd7 6. Qc2 Bd6 7. Bd3 O-O 8. O-O Re8 9. e4 dxe4 10. Nxe4 Nxe4
11. Bxe4 h6 12. Rd1 f5 13. Bd3 g5 14. h3 Nf6 15. Re1 b6 16. b3 Bb7
0-1

[Event "Summers"]
[Site "SchemingMind.com"]
[Date "2023.07.22"]
[Round "-"]
[White "kenneth m day"]
[Black "Nouveau L"]
[Result "1-0"]
[WhiteCountry "USA"]
[BlackCountry "FRA"]
[WhiteElo "1707"]
[WhiteRD "59"]
[BlackElo "1530"]
[BlackRD "76"]
[GameID "735894"]

1. e4 c5 2. d4 cxd4 3. c3 dxc3 4. Nxc3 Nc6 5. Nf3 e6 6. Bc4 a6 7. Be3 b5 8. Bb3 Bb7 9. O-O Nge7 10. Re1 Na5
11. Bc2 Nc4 12. b3 Nxe3 13. Rxe3
1-0

[Event "Summers"]
[Site "SchemingMind.com"]
[Date "2023.07.22"]
[Round "-"]
[White "Nouveau L"]
[Black "kenneth m day"]
[Result "0-1"]
[WhiteCountry "FRA"]
[BlackCountry "USA"]
[WhiteElo "1530"]
[WhiteRD "76"]
[BlackElo "1707"]
[BlackRD "59"]
[GameID "735895"]

1. d4 Nf6 2. c4 e6 3. Nf3 d5 4. Nc3 dxc4 5. e4 Nc6 6. Bxc4 a6 7. O-O Be7 8. Bf4 O-O 9. a3 h6 10. h3 b5
11. Ba2 Bb7 12. e5 Nd5
0-1

[Event "Summers"]
[Site "SchemingMind.com"]
[Date "2023.07.25"]
[Round "-"]
[White "Holty"]
[Black "spoke"]
[Result "0-1"]
[WhiteCountry "ENG"]
[BlackCountry "GER"]
[WhiteElo "1803"]
[WhiteRD "68"]
[BlackElo "1875"]
[BlackRD "64"]
[GameID "735966"]

1. d4 Nf6 2. Bf4 g6 3. Nc3 Bg7 4. e4 d6 5. Qd2 O-O 6. O-O-O a6 7. Bh6 Nc6 8. f3 e5 9. Nge2 Nxd4 10. Bxg7 Nxe2+
11. Bxe2 Kxg7 12. g4 Be6 13. h4 h6 14. Rdg1 Rh8 15. f4 d5 16. g5 Nxe4 17. Nxe4 dxe4 18. Rd1 Qxd2+ 19. Rxd2 exf4 20. b3 hxg5
21. Rhd1 g4 22. Bc4 Bxc4 23. bxc4 e3
0-1

[Event "Summers"]
[Site "SchemingMind.com"]
[Date "2023.07.28"]
[Round "-"]
[White "David Hartley"]
[Black "Holty"]
[Result "1-0"]
[WhiteCountry "ENG"]
[BlackCountry "ENG"]
[WhiteElo "1774"]
[WhiteRD "73"]
[BlackElo "1803"]
[BlackRD "68"]
[GameID "735967"]

1. d4 e6 2. e4 d5 3. Nc3 dxe4 4. Nxe4 Nd7 5. Nf3 Ngf6 6. Nxf6+ Nxf6 7. c3 c5 8. Be3 Qc7 9. Bd3 Bd6 10. h3 h6
11. dxc5 Bxc5 12. Bxc5 Qxc5 13. Qe2 O-O 14. O-O b6 15. Rfe1 Bb7 16. Rad1 Rad8 17. Rd2 Nd7 18. Red1 Rfe8 19. Bc2 Qc7 20. Ba4 Bc6
21. Bxc6 Qxc6 22. Ne5 Qc8 23. Rxd7 Rxd7 24. Rxd7 f6 25. Rxa7 Qb8 26. Rd7 fxe5 27. Qg4 g5 28. Qh5 Rf8 29. Qg6+
1-0

[Event "Summers"]
[Site "SchemingMind.com"]
[Date "2023.07.28"]
[Round "-"]
[White "Holty"]
[Black "David Hartley"]
[Result "1/2-1/2"]
[WhiteCountry "ENG"]
[BlackCountry "ENG"]
[WhiteElo "1835"]
[WhiteRD "65"]
[BlackElo "1748"]
[BlackRD "73"]
[GameID "735968"]

1. d4 Nf6 2. Bf4 d5 3. e3 e6 4. c3 c5 5. Nd2 Nc6 6. Ngf3 Be7 7. Bd3 O-O 8. Ne5 Nd7 9. Ndf3 Ndxe5 10. dxe5 f6
11. Qc2 h6 12. Bg6 Bd7 13. O-O Be8 14. Rad1 Bxg6 15. Qxg6 Qe8 16. Qc2 fxe5 17. Bxe5 Rd8 18. Rfe1 Bd6 19. Bxd6 Rxd6 20. b3 Rd7
21. Rf1 Qb8 22. Nh4 Ne7 23. Rfe1 Rf6 24. Nf3 Qd8 25. Ne5 Rd6 26. f4 Qe8 27. Rf1 Rd8 28. g4 Ng6 29. Nxg6 Qxg6 30. Qxg6 Rxg6
31. h3 Rf6 32. Rd2 Rf7 33. Rfd1 Rfd7 34. Kf2 Kf7 35. h4 Ke7 36. h5 b6 37. a4 a5 38. Ke2=
1/2-1/2

[Event "Summers"]
[Site "SchemingMind.com"]
[Date "2023.07.24"]
[Round "-"]
[White "Aba"]
[Black "Holty"]
[Result "0-1"]
[WhiteCountry "ISR"]
[BlackCountry "ENG"]
[WhiteElo "1827"]
[WhiteRD "69"]
[BlackElo "1803"]
[BlackRD "68"]
[GameID "735969"]

1. e4 e6 2. d4 d5 3. Nc3 dxe4 4. Nxe4 Nd7 5. Nf3 Ngf6 6. Nxf6+ Nxf6 7. Bd3 c5 8. Be3 Qb6 9. b3 cxd4 10. Bxd4 Bc5
11. c3 Bxd4 12. Nxd4 O-O 13. O-O Bd7 14. Qf3 Rfd8 15. Rfe1 Rac8 16. Ne2 Bc6 17. Qh3 Be4 18. Bc4 Bf5 19. Qe3 Qxe3 20. fxe3 Nd5
21. Bxd5 Rxd5 22. Ng3 Bg6 23. e4 Rd7 24. c4 Rcd8 25. a3 h6 26. b4 Rd2 27. Re3 Rc2 28. Rae1 Rdd2 29. Ne2 Bh5 30. Nf4 e5
31. Nd3 Rxg2+ 32. Kf1 Rxh2 33. Nxe5 Rh1#
0-1

[Event "Summers"]
[Site "SchemingMind.com"]
[Date "2023.07.24"]
[Round "-"]
[White "Holty"]
[Black "Aba"]
[Result "0-1"]
[WhiteCountry "ENG"]
[BlackCountry "ISR"]
[WhiteElo "1803"]
[WhiteRD "68"]
[BlackElo "1827"]
[BlackRD "69"]
[GameID "735970"]

1. d4 Nf6 2. Bf4 e6 3. e3 d5 4. Nf3 Be7 5. Nbd2 c5 6. c3 a6 7. Bd3 Nc6 8. Ne5 Nxe5 9. dxe5 Nd7 10. Qe2 c4
11. Bc2 b5 12. O-O Qc7 13. Rac1 Bb7 14. Nf3 h6 15. Rfd1 g5 16. Bg3 g4 17. Nd4 h5 18. f3 h4 19. Bf4 gxf3 20. Qxf3 Nf8
21. Rf1 O-O-O 22. b3 Ng6 23. Bxg6 fxg6 24. Nxe6 Qb6 25. Nxd8 Kxd8 26. Rcd1 d4 27. Rxd4+ Ke8 28. e4 Bc5 29. Rd1 Bxd4+ 30. cxd4 Rf8
31. Qe3 c3 32. Qxc3 Rxf4 33. Qc5 Qxc5 34. dxc5 Rxe4 35. Rd6 Rxe5 36. Rxg6 Rxc5 37. Rg7 Bc6 38. Rh7 Rc1+ 39. Kf2 Rc2+ 40. Ke3 Rxa2
41. Rxh4 Bxg2 42. Rh8+ Kf7 43. h4 Ra3 44. Kf2 Bh3 45. Rh6 Be6 46. h5 Rxb3 47. Rh8 Kg7 48. Ra8 Ra3 49. Ra7+ Kh6 50. Re7 Bg8
51. Re5 b4 52. Ke2 a5 53. Kd2 b3 54. Rb5 Ra2+ 55. Kc1 a4 56. Rb8 Bh7 57. Rb6+ Kxh5 58. Rb4 Rc2+ 59. Kd1 b2
0-1

[Event "Summers"]
[Site "SchemingMind.com"]
[Date "2023.07.24"]
[Round "-"]
[White "kenneth m day"]
[Black "Holty"]
[Result "0-1"]
[WhiteCountry "USA"]
[BlackCountry "ENG"]
[WhiteElo "1653"]
[WhiteRD "60"]
[BlackElo "1810"]
[BlackRD "67"]
[GameID "735971"]

1. e4 e6 2. d4 d5 3. Nc3 dxe4 4. Nxe4 Nd7 5. Bd3 c5 6. Nf3 Ngf6 7. O-O b6 8. Be3 Bb7 9. Nxf6+ gxf6 10. Re1 Qc7
11. Be2 O-O-O 12. c3 h5 13. dxc5 Nxc5 14. Qc2 Bd6 15. Rac1 Rdg8 16. Red1 h4 17. h3 Ne4 18. Bd3 f5 19. Bxe4 fxe4 20. Nd4 a6
21. Qd2 Rg6 22. Ne2 Bh2+ 23. Kf1 Rhg8 24. Bf4 Bxf4 25. Nxf4 R6g7 26. Qe3 e5 27. Nd5 Bxd5 28. Rxd5 f5 29. Rcd1 Rxg2 30. Rd6 Rg1+
31. Ke2 Qc4+ 32. Kd2 Rxd1+ 33. Kxd1 Qc5 34. Qd2 Qc7 35. Qd5 Qxd6 36. Qxd6 Rd8 37. Qxd8+ Kxd8 38. Ke2 Kd7 39. Ke3 Kc6 40. f3 exf3
41. Kxf3 Kc5 42. b3 b5 43. Ke3 a5 44. Kd3 Kd5 45. Ke3 a4 46. Kd3 f4 47. Ke2 e4 48. Kf2 e3+ 49. Ke2 Ke4 50. c4 f3+
51. Kd1 bxc4
0-1

[Event "Summers"]
[Site "SchemingMind.com"]
[Date "2023.07.25"]
[Round "-"]
[White "Holty"]
[Black "kenneth m day"]
[Result "1-0"]
[WhiteCountry "ENG"]
[BlackCountry "USA"]
[WhiteElo "1835"]
[WhiteRD "65"]
[BlackElo "1671"]
[BlackRD "60"]
[GameID "735972"]

1. d4 d6 2. e4 g6 3. Nc3 Bg7 4. Be3 Nd7 5. Nf3 e5 6. Qd2 Ngf6 7. dxe5 dxe5 8. O-O-O O-O 9. h3 b6 10. Bb5 Ne8
11. Bxd7 Bxd7 12. Qxd7 Nd6 13. Qxd8 Raxd8 14. Rhe1 Rfe8 15. Nd2 f5 16. Bg5 Rd7 17. f3 fxe4 18. Ndxe4 Rf7 19. Nd5 Nxe4 20. Rxe4 Rf5
21. Nxc7 Rc8 22. Ne6 Kf7 23. Nxg7 Rxg5 24. Rd7+ Kf6 25. g4 Rg8 26. h4 Rxg7 27. hxg5+
1-0

[Event "Summers"]
[Site "SchemingMind.com"]
[Date "2023.07.25"]
[Round "-"]
[White "Holty"]
[Black "Nouveau L"]
[Result "1-0"]
[WhiteCountry "ENG"]
[BlackCountry "FRA"]
[WhiteElo "1803"]
[WhiteRD "68"]
[BlackElo "1530"]
[BlackRD "76"]
[GameID "735973"]

1. d4 Nf6 2. Nc3 d5 3. Bf4 e6 4. Nb5 Na6 5. e3 Be7 6. Nf3 O-O 7. h3 c6 8. Nc3 Bd7 9. Bd3 c5 10. Bb5 Bxb5
11. Nxb5 Qa5+ 12. Nc3 cxd4 13. Nxd4 Bb4 14. Qd2
1-0

[Event "Summers"]
[Site "SchemingMind.com"]
[Date "2023.07.24"]
[Round "-"]
[White "Nouveau L"]
[Black "Holty"]
[Result "0-1"]
[WhiteCountry "FRA"]
[BlackCountry "ENG"]
[WhiteElo "1530"]
[WhiteRD "76"]
[BlackElo "1803"]
[BlackRD "68"]
[GameID "735974"]

1. d4 e5 2. dxe5 d6 3. Nf3 Nc6 4. Bg5 Qd7 5. exd6 Bxd6 6. Nc3 f6 7. Bh4 Nge7 8. Nb5 Bc5 9. Qxd7+ Bxd7 10. Nxc7+ Kf7
11. Nxa8 Rxa8 12. Bg3 Nb4 13. O-O-O Bf5 14. e4 Be6 15. a3 Na2+
0-1

[Event "Summers"]
[Site "SchemingMind.com"]
[Date "2023.08.01"]
[Round "-"]
[White "spoke"]
[Black "Thomas Jacob Kelly"]
[Result "0-1"]
[WhiteCountry "GER"]
[BlackCountry "USA"]
[WhiteElo "1875"]
[WhiteRD "64"]
[BlackElo "1872"]
[BlackRD "85"]
[GameID "736144"]

1. Nf3 Nf6 2. g3 c5 3. Bg2 d5 4. c4 g6 5. d3 Bg7 6. O-O Be6 7. Ng5 Na6 8. Nc3 O-O 9. Bf4 d4 10. Nce4 Nh5
11. Nxe6 fxe6 12. Ng5 Nxf4 13. gxf4 Qd7 14. Qd2 Rab8 15. a3 Nc7 16. b4 b6 17. bxc5 bxc5 18. Ne4 e5 19. Rab1 Ne6 20. Bh3 Rbc8
21. Ng5 Rc6 22. fxe5 Bxe5 23. e4 Bf4 24. Bxe6+ Rxe6 25. Nxe6 Bxd2 26. Nxf8 Qg4+
0-1

[Event "Summers"]
[Site "SchemingMind.com"]
[Date "2023.08.01"]
[Round "-"]
[White "Thomas Jacob Kelly"]
[Black "spoke"]
[Result "1/2-1/2"]
[WhiteCountry "USA"]
[BlackCountry "GER"]
[WhiteElo "1866"]
[WhiteRD "79"]
[BlackElo "1845"]
[BlackRD "64"]
[GameID "736145"]

1. e4 e5 2. Nf3 Nc6 3. Bb5 a6 4. Ba4 Nf6 5. O-O Be7 6. Re1 b5 7. Bb3 O-O 8. c3 d6 9. h3 Bb7 10. d4 Re8
11. Ng5 Rf8 12. Nd2 exd4 13. Nf1 dxc3 14. bxc3 h6 15. Nf3 Ne5 16. Ng3 c5 17. Bf4 c4 18. Bc2 Nxf3+ 19. gxf3 Qb6 20. Nf5 Rfe8
21. Nxe7+ Rxe7 22. Qxd6 Qxd6 23. Bxd6 Rd7 24. Bf4 Rad8 25. Kh2 Nh5 26. Be3 f5 27. Re2 fxe4 28. fxe4 Re8 29. f3 Rf7 30. Rf2 Nf4
31. Rg1 Nd3 32. Rfg2 Ne5 33. Bd1 Kh7 34. Rg3 Nd3 35. Bd4 Ree7 36. a4 Nf4 37. axb5 axb5 38. Re1 Bc6 39. Bc2=
1/2-1/2

[Event "Summers"]
[Site "SchemingMind.com"]
[Date "2023.08.05"]
[Round "-"]
[White "David Hartley"]
[Black "Thomas Jacob Kelly"]
[Result "0-1"]
[WhiteCountry "ENG"]
[BlackCountry "USA"]
[WhiteElo "1748"]
[WhiteRD "73"]
[BlackElo "1866"]
[BlackRD "79"]
[GameID "736146"]

1. d4 e6 2. c4 Be7 3. Nc3 Nf6 4. e4 b6 5. Nf3 Bb7 6. Bd3 d6 7. O-O c5 8. d5 exd5 9. exd5 g6 10. b3 Nbd7
11. Bb2 Ne5 12. Nxe5 dxe5 13. Re1 Nd7 14. Nb1 f6 15. Nd2 Qc7 16. Re3 O-O-O 17. a3 Kb8 18. b4 cxb4 19. axb4 Bxb4 20. Bf1 Bc5
21. Re1 f5 22. Bd3 Rhg8 23. Qa4 a5 24. Qc2 Rdf8 25. Nb3 Bd6 26. Ba3 e4 27. Bxd6 Qxd6 28. Bf1 Qc7 29. Rac1 g5 30. Qd1 Rf6
31. Qd4 Ne5 32. c5 Rh6 33. d6 Qg7 34. cxb6 Rh3 35. gxh3 Nf3+
0-1

[Event "Summers"]
[Site "SchemingMind.com"]
[Date "2023.08.05"]
[Round "-"]
[White "Thomas Jacob Kelly"]
[Black "David Hartley"]
[Result "0-1"]
[WhiteCountry "USA"]
[BlackCountry "ENG"]
[WhiteElo "1856"]
[WhiteRD "78"]
[BlackElo "1725"]
[BlackRD "74"]
[GameID "736147"]

1. e4 c5 2. Nf3 d6 3. d4 Nf6 4. Nc3 cxd4 5. Nxd4 a6 6. Be3 e6 7. g4 h6 8. f3 b5 9. Qd2 b4 10. Nce2 e5
11. Nb3 Nc6 12. Ng3 Be6 13. O-O-O Qc7 14. Kb1 a5 15. Bb5 a4 16. Nc1 d5 17. exd5 Bxd5 18. Qxd5 Nxd5 19. Rxd5 Bd6 20. Nf5 O-O
21. Nxd6 Ne7 22. Rd3 Ra5 23. Bc4 Nc8 24. Nxc8 Qxc4 25. Ne7+ Kh8 26. Nf5 Qc7 27. h4 Ra6 28. h5 Rd8 29. Bc5 Rb8 30. Bd6 Rxd6
31. Nxd6 Rb6 32. Ne4 Rc6 33. c3 bxc3 34. Nxc3 a3 35. Nb5 Qe7 36. Rxa3 e4 37. Re1 Qc5 38. Nb3 Qc2+ 39. Ka1 exf3 40. N5d4 Qf2
41. Ra8+ Kh7 42. Rd1 Rd6 43. a3 Qg2 44. Rc8 f2 45. Rcc1 Qxg4 46. Rh1 Rd5 47. Rcf1 Qg2 48. Ne2 Rxh5 49. Rxh5 Qxf1+ 50. Nbc1 Qxe2
0-1

[Event "Summers"]
[Site "SchemingMind.com"]
[Date "2023.08.01"]
[Round "-"]
[White "Aba"]
[Black "Thomas Jacob Kelly"]
[Result "0-1"]
[WhiteCountry "ISR"]
[BlackCountry "USA"]
[WhiteElo "1827"]
[WhiteRD "69"]
[BlackElo "1872"]
[BlackRD "85"]
[GameID "736148"]

1. e4 c6 2. d4 d5 3. Nc3 dxe4 4. Nxe4 Nf6 5. Nxf6+ exf6 6. c3 Bd6 7. Bd3 O-O 8. Qc2 g6 9. Be3 Re8 10. O-O-O Be6
11. a3 Nd7 12. Ne2 Qc7 13. g3 b5 14. h4 f5 15. h5 Nf6 16. h6 a5 17. Rdg1 Ng4 18. Rg2 Bd5 19. Nf4 Nxe3 20. fxe3 Bxg2
21. Nxg2 Bxg3 22. e4 f4 23. e5 Rac8 24. Kb1 c5 25. Bxb5 Red8 26. Qe4 cxd4 27. cxd4 Qb6 28. a4 Qxd4 29. Qb7 Qxe5 30. Bc6 Rb8
0-1